<?xml version="1.0" encoding="UTF-8"?>
<collection xmlns="http://www.loc.gov/MARC21/slim">
 <record>
  <leader>01658nas a22003131  4500</leader>
  <controlfield tag="001">1/50325</controlfield>
  <controlfield tag="008">020827c20009999gr brzp       0   g0gre d</controlfield>
  <datafield tag="035" ind1=" " ind2=" ">
   <subfield code="l">23947</subfield>
  </datafield>
  <datafield tag="090" ind1=" " ind2=" ">
   <subfield code="a">Αλφαβητική σειρά</subfield>
  </datafield>
  <datafield tag="245" ind1="0" ind2="0">
   <subfield code="a">Ερευνώντας</subfield>
  </datafield>
  <datafield tag="260" ind1=" " ind2=" ">
   <subfield code="a">Αθήνα :</subfield>
   <subfield code="b">ΓΓΕΤ,</subfield>
   <subfield code="c">[2000]</subfield>
  </datafield>
  <datafield tag="300" ind1=" " ind2=" ">
   <subfield code="a">τ. ;</subfield>
   <subfield code="c">29 εκ.</subfield>
  </datafield>
  <datafield tag="310" ind1=" " ind2=" ">
   <subfield code="a">Διμηνιαίο</subfield>
  </datafield>
  <datafield tag="362" ind1="0" ind2=" ">
   <subfield code="a">Τχ.4(Ιούλ./Αύγ. 2000)-τχ.20(Οκτ./Δεκ. 2003)</subfield>
  </datafield>
  <datafield tag="362" ind1="0" ind2=" ">
   <subfield code="a">Τχ.21(Ιαν./Φεβρ. 2004)-</subfield>
  </datafield>
  <datafield tag="546" ind1=" " ind2=" ">
   <subfield code="a">Ελληνική</subfield>
  </datafield>
  <datafield tag="650" ind1=" " ind2="4">
   <subfield code="a">Ερευνα</subfield>
   <subfield code="v">Περιοδικά.</subfield>
  </datafield>
  <datafield tag="710" ind1="2" ind2=" ">
   <subfield code="a">Γενική Γραμματεία Έρευνας &amp; Τεχνολογίας.</subfield>
  </datafield>
  <datafield tag="852" ind1=" " ind2=" ">
   <subfield code="a">INST</subfield>
   <subfield code="b">UNIPILB</subfield>
   <subfield code="c">SERIALS</subfield>
   <subfield code="e">20050704</subfield>
   <subfield code="h">Αλφαβητική σειρά</subfield>
   <subfield code="p">44413</subfield>
   <subfield code="q">44413</subfield>
   <subfield code="t">NOLOAN</subfield>
   <subfield code="v">τεύχ.21:(Μήνες)Ιαν./Φεβ.;(Έτος)2004</subfield>
   <subfield code="y">23</subfield>
  </datafield>
  <datafield tag="852" ind1=" " ind2=" ">
   <subfield code="a">INST</subfield>
   <subfield code="b">UNIPILB</subfield>
   <subfield code="c">SERIALS</subfield>
   <subfield code="e">20050704</subfield>
   <subfield code="h">Αλφαβητική σειρά</subfield>
   <subfield code="p">44414</subfield>
   <subfield code="q">44414</subfield>
   <subfield code="t">NOLOAN</subfield>
   <subfield code="v">τεύχ.22:(Μήνας)Μάρτιος;(Έτος)2004</subfield>
   <subfield code="y">23</subfield>
  </datafield>
  <datafield tag="852" ind1=" " ind2=" ">
   <subfield code="a">INST</subfield>
   <subfield code="b">UNIPILB</subfield>
   <subfield code="c">SERIALS</subfield>
   <subfield code="e">20050704</subfield>
   <subfield code="h">Αλφαβητική σειρά</subfield>
   <subfield code="p">44415</subfield>
   <subfield code="q">44415</subfield>
   <subfield code="t">NOLOAN</subfield>
   <subfield code="v">τεύχ.23:(Μήνες)Απρ./Μάιος;(Έτος)2004</subfield>
   <subfield code="y">23</subfield>
  </datafield>
  <datafield tag="900" ind1=" " ind2=" ">
   <subfield code="a">Τχ. 25 (Ιούνιος 2004)</subfield>
   <subfield code="b">Οφειλόμενο</subfield>
   <subfield code="c">10/10/2005</subfield>
  </datafield>
  <datafield tag="900" ind1=" " ind2=" ">
   <subfield code="a">Τχ. 24 (Μάιος 2004)</subfield>
   <subfield code="b">Οφειλόμενο</subfield>
   <subfield code="c">10/10/2005</subfield>
  </datafield>
  <datafield tag="950" ind1=" " ind2=" ">
   <subfield code="a">01/01/2004</subfield>
   <subfield code="c">ΔΩΡΕΑ ΠΕΡΙΟΔΙΚΩΝ</subfield>
   <subfield code="d">341</subfield>
  </datafield>
  <datafield tag="951" ind1=" " ind2=" ">
   <subfield code="a">Τχ. 23  (Απρ./Μάιος 2004)</subfield>
   <subfield code="b">Main run</subfield>
  </datafield>
  <datafield tag="951" ind1=" " ind2=" ">
   <subfield code="a">Τχ.4(Ιούλ./Αύγ. 2000) -  (τχ.20(Οκτ./Δεκ. 2003)</subfield>
   <subfield code="b">Main run</subfield>
  </datafield>
  <datafield tag="951" ind1=" " ind2=" ">
   <subfield code="a">Τχ. 21  (Ιαν./Φεβ. 2004)</subfield>
   <subfield code="b">Main run</subfield>
  </datafield>
  <datafield tag="951" ind1=" " ind2=" ">
   <subfield code="a">Τχ. 22 (Μάρτιος 2004)</subfield>
   <subfield code="b">Main run</subfield>
  </datafield>
  <datafield tag="952" ind1=" " ind2=" ">
   <subfield code="a">(14)2003</subfield>
  </datafield>
 </record>
</collection>
